| 000 | 01467nab a22002537a 4500 | ||
|---|---|---|---|
| 999 |
_c5497 _d5497 |
||
| 003 | OSt | ||
| 005 | 20251209140743.0 | ||
| 008 | 190502c xxu||||| |||| 00| 0 spa d | ||
| 040 | _cPJ | ||
| 100 |
_96488 _aMorosi, Guillermo E. H. |
||
| 245 | 1 | 3 |
_aLa unificación de condenas a partir de la reforma de la ley 27.785 / _cGuillermo E. H. Morosi. |
| 260 |
_aCiudad Autónoma de Buenos Aires : _bThomson Reuters La Ley, _c2025. |
||
| 300 | _ap. 3-5 | ||
| 500 | _aCita Online: AR/DOC/1540/2025. | ||
| 505 | _aSumario: I. Introducción.— II. Breves consideraciones preliminares sobre la unificación de condenas.— III. El segundo párrafo del art. 58 del Cód. Penal y su inconsistencia con el régimen del concurso real.— IV. Etiología y finalidad de la reforma legislativa.— V. Problemas constitucionales. Interpretación sugerida. | ||
| 505 | _tFallo comentado: TS Córdoba, sala penal ~ 19/04/2018 ~ D., M. J. p.s.a producción, publicación o distribución de imágenes pornográficas de menores de 18 años, etc. s/ recurso de casación. | ||
| 505 | _t¿Te interesa el texto completo? Solicitalo al correo: koha@justierradelfuego.gov.ar | ||
| 650 | 0 |
_9343 _aDERECHO PENAL |
|
| 650 | 0 |
_96489 _aUNIFICACION DE PENAS |
|
| 650 | 0 |
_92681 _aCONCURSO DE DELITOS |
|
| 650 | 0 |
_94597 _aCONSTITUCIONALIDAD |
|
| 773 | 0 |
_02729 _93180 _dBuenos Aires : LexisNexis, 2006- _tRevista de derecho penal y procesal penal. Nº 8 - Agosto 2025 _z9875920622 |
|
| 942 |
_2udc _cANA |
||